| 000 | 01148 a2200205 4500 | ||
|---|---|---|---|
| 001 | 39890 | ||
| 005 | 20260407155655.0 | ||
| 008 | 260407a1956 arg spa d | ||
| 003 | AR-UNSa-BCEJYS | ||
| 040 |
_aAR-UNSa-BCEJYS _bspa _cAR-UNSa-BCEJYS |
||
| 080 |
_a911.3 _xGeografía humana. Geografía de los factores culturales |
||
| 245 | 1 | 0 | _aProblemas de geografía humana |
| 264 | 1 |
_aBarcelona : _bOmega _c1956 |
|
| 300 |
_a230 p. _c21 cm. |
||
| 505 | _aParte I: Geografía general : 1. Una definición de la geografía humana - 2. El problema de la superpoblación - 3. Problemas económicos: aspectos nuevos de la economía internacional - 4. Geografía del habitat rural - 5. Economía agrícola y poblamiento rural - 6. Ensayo de clasificación de las casas rurales - Parte II: La vivienda rural en Francia : 7. La vivienda rural en Francia, ensayo de clasificación de los tipos principales - 8. Problemas actuales y aspectos nuevos de la vida rural en Egipto - 9. Pesquería y puertos de pesca del mar del norte - | ||
| 942 | _cBK | ||
| 590 | _aniveau_biblio:m niveau_hierar:0 | ||
| 100 | 1 | _aDemangeon, Albert | |
| 700 | 1 | _aTerán, Rocio de | |
| 999 |
_c3124 _d3124 |
||